Textbook of environmental disaster management (Record no. 226353)
[ view plain ]
| 000 -LEADER | |
|---|---|
| fixed length control field | 00881nam a22002057a 4500 |
| 005 - DATE AND TIME OF LATEST TRANSACTION | |
| control field | 20230110093933.0 |
| 008 - FIXED-LENGTH DATA ELEMENTS--GENERAL INFORMATION | |
| fixed length control field | 230110b ||||| |||| 00| 0 eng d |
| 020 ## - INTERNATIONAL STANDARD BOOK NUMBER | |
| International Standard Book Number | 9789382152293 |
| 040 ## - CATALOGING SOURCE | |
| Transcribing agency | AL |
| 041 ## - LANGUAGE CODE | |
| Language code of text/sound track or separate title | eng |
| 082 ## - DEWEY DECIMAL CLASSIFICATION NUMBER | |
| Edition number | 23 |
| Classification number | 363.73 |
| Item number | THAT |
| 100 ## - MAIN ENTRY--PERSONAL NAME | |
| Personal name | Thakur D K |
| 9 (RLIN) | 69024 |
| 245 ## - TITLE STATEMENT | |
| Title | Textbook of environmental disaster management |
| 260 ## - PUBLICATION, DISTRIBUTION, ETC. | |
| Place of publication, distribution, etc. | Jaipur |
| Name of publisher, distributor, etc. | Manisha Prakashan |
| Date of publication, distribution, etc. | 2014 |
| 300 ## - PHYSICAL DESCRIPTION | |
| Extent | 256p. |
| Other physical details | PB |
| Dimensions | 22x14.5cm. |
| 365 ## - TRADE PRICE | |
| Source of price type code | General |
| Price type code | 1835 |
| Price amount | ₹914.00 |
| Currency code | ₹ |
| Unit of pricing | ₹1075.00 |
| Price note | 15% |
| Price effective from | 12-12-2022 |
| 520 ## - SUMMARY, ETC. | |
| Summary, etc. | Natural hazards and disasters; role of remote sensing and GIS technology; major Indian earthquakes and its impact on Indian economy; developing an Asian tsunami warning system; disaster management in India; application of remote sensing and GIS to water resources management. |
| 650 ## - SUBJECT ADDED ENTRY--TOPICAL TERM | |
| Source of heading or term | Disaster Management |
| Topical term or geographic name entry element | Environmental Problems |
| 9 (RLIN) | 69025 |
| 942 ## - ADDED ENTRY ELEMENTS (KOHA) | |
| Source of classification or shelving scheme | Dewey Decimal Classification |
| Koha item type | Book |
| Withdrawn status | Lost status | Source of classification or shelving scheme | Damaged status | Not for loan | Collection code | Home library | Current library | Date acquired | Source of acquisition | Cost, normal purchase price | Total Checkouts | Full call number | Barcode | Date last seen | Cost, replacement price | Price effective from | Koha item type |
|---|---|---|---|---|---|---|---|---|---|---|---|---|---|---|---|---|---|
| Dewey Decimal Classification | MSW | St Aloysius PG Library | St Aloysius PG Library | 01/07/2023 | Vidya Vihar | 914.00 | 363.73 THAT | PG024155 | 01/10/2023 | 1075.00 | 01/10/2023 | Book |